000070697 001__ 70697
000070697 005__ 20190426094915.0
000070697 0247_ $$2doi$$a10.4995/Ia.2017.8772
000070697 0248_ $$2sideral$$a105164
000070697 037__ $$aART-2017-105164
000070697 041__ $$aspa
000070697 100__ $$aMartinez-Gomariz, E.
000070697 245__ $$aMetodología para la evaluación de daños a vehículos expuestos a inundaciones en zonas urbanas
000070697 260__ $$c2017
000070697 5060_ $$aAccess copy available to the general public$$fUnrestricted
000070697 5203_ $$aLas inundaciones urbanas pueden provocar importantes daños a vehículos que, en general, no son considerados en la mayoría de estudios sobre evaluación de riesgo por inundaciones. En este artículo se propone una metodología para la estimación de los daños a vehículos expuestos a inundaciones urbanas. Se presenta inicialmente el estado de la cuestión en lo que se refiere a curvas de daños para vehículos, escogiéndose las desarrolladas por el U.S. Army Corps of Engineers (USACE, 2009) por ser las más recientes, mejor justificadas y presentar mayor adaptabilidad al caso de estudio propuesto. La metodología propuesta se aplica al municipio español de Badalona, en el marco del proyecto europeo H2020 BINGO. Para llevar a cabo dicha metodología se definen y aplican conceptos como la distribución vehicular en toda el área estudiada. Finalmente, se evalúa el Daño Anual Esperado (DAE) relativo a coches a partir de los daños ocasionados por eventos sintéticos de 1, 10, 100 y 500 años de periodo de retorno.    

Urban floods may provoke important damages to vehicles, usually not taken into account within most studies related to urban flood risks damage assessments. Herein a methodology to estimate damages to vehicles exposed to urban floods is presented. After a state-of-the-art review, the most recent damage curves for vehicles developed by the U.S. Army Corps of Engineers (USACE, 2009) are presented as the best adaptive and the most comprehensively performed so far. The proposed methodology is applied to the Spanish municipality of Badalona, framed in the H2020 European Project BINGO. In order to conduct this methodology some aspects such as the vehicular distribution are analyzed within the study area. Finally, Expected Annual Damage (EAD) for flooded vehicles is calculated based on inundations related to design storms of different return periods (1, 10, 100 and 500 years).
000070697 536__ $$9This project has received funding from the European Union’s Horizon 2020 research and innovation program under grant agreement No H2020 641739-BINGO$$9info:eu-repo/grantAgreement/EC/H2020/641739/EU/Bringing INnovation to onGOing water management  A better future under climate change/BINGO
000070697 540__ $$9info:eu-repo/semantics/openAccess$$aby-nc-nd$$uhttp://creativecommons.org/licenses/by-nc-nd/3.0/es/
000070697 655_4 $$ainfo:eu-repo/semantics/article$$vinfo:eu-repo/semantics/publishedVersion
000070697 700__ $$aGomez, M.
000070697 700__ $$0(orcid)0000-0001-9437-0085$$aRusso, B.
000070697 700__ $$aSanchez, P.
000070697 700__ $$aMontes, J.A.
000070697 773__ $$g21, 4 (2017), 247-262$$pIng. agua$$tIngeniería del agua$$x1134-2196
000070697 8564_ $$s808198$$uhttps://zaguan.unizar.es/record/70697/files/texto_completo.pdf$$yVersión publicada
000070697 8564_ $$s99735$$uhttps://zaguan.unizar.es/record/70697/files/texto_completo.jpg?subformat=icon$$xicon$$yVersión publicada
000070697 909CO $$ooai:zaguan.unizar.es:70697$$particulos$$pdriver
000070697 951__ $$a2019-04-26-09:28:27
000070697 980__ $$aARTICLE